Black Beauty

Bibliographic Details
Main Author: Sewell, Anna 1820-1878
Other Authors: Escott, John
Format: Book
Language:English
Published: Oxford Oxford University Press 2002
Edition:2nd ed.
Series:Oxford bookworms library
Subjects:
LEADER 00615cam a2200205 a 4500
001 0000132062
005 20120523090000.0
040 |a mod 
041 |a eng 
020 |a 0194230287  
090 0 0 |a FK  |b SEW  |e 2002 
100 1 |a Sewell, Anna  |d 1820-1878 
245 1 0 |a Black Beauty  |c Anna Sewell  |f retold by John Escott ; illustrated by Jenny Bidgood 
250 |a 2nd ed. 
260 |a Oxford  |b Oxford University Press  |c 2002 
300 |a 88 p.  |b ill.  |c 20 cm 
490 0 |a Oxford bookworms library 
650 0 0 |a English fiction 
700 1 |a Escott, John 
999 |a B000017786  |b IJED  |d BOOKS  |e Fiksyen (F)  |f 4 DIV  |j AVAILABLE  |q GOOD CONDITION